000
00230 a2200097 4500
001
59090
100
_a
245
_a
Everest reaching the worlds highest peak
260
_a
London
_b
Dorling Kindersley
_c
2000
090
_c
36187
_d
36187
942
_a
NUST-CAE
_c
_c
29099
999
_c
294163
_d
294163